00818nac a22002057a 4500001001000000003000900010005001700019008003400036040005400070072000800124110006200132245009800194246010600292260003600398300001100434490011800445650002100563650001100584650001700595BR8200763BR-BrBNA20240105115233.0230509b bl.|||m| |||| 00| 0 por d aBR-BrBNAbporcBiblioteca Nacional de Agricultura aF001 aBiblioteca Nacional de Agricultura, Brasilia, DF (Brasil)1 aBibliografia do feijao 1979-1980 [Phaseolus vulgaris]bv. 1 - Extraida da Base de Dados AGRIS1 a[Bean plant bibliography 1979-1980 [Phaseolus vulgaris]]b[v. 1 - Extracted from the AGRIS Data Base]3 aBrasilia, DF (Brasil): c1981.  a170 p. aBibliografias Agricolas. Serie Internacional - Biblioteca Nacional de Agricultura (Brazil)vno. 2xISSN 0101-2460 aProducao vegetal aFeijao aBibliografia